Vnútroskupinové poskytovanie služieb a princíp nezávislého vzťahu

Poskytovanie služieb v rámci skupiny závislých osôb. Základné atribúty analýzy transferového oceňovania služieb.

Guardado en:
Detalles Bibliográficos
Autor principal: Kočiš, Michal
Formato: Capítulo de libro
Lenguaje:eslovaco
Materias:
Etiquetas: Agregar Etiqueta
Sin Etiquetas, Sea el primero en etiquetar este registro!

MARC

LEADER 00000naa a2200000 4500
001 0201967
005 20231114104215.0
041 0 |a slo 
044 |a SK 
245 1 0 |a Vnútroskupinové poskytovanie služieb a princíp nezávislého vzťahu  |c Michal Kočiš 
520 |a Poskytovanie služieb v rámci skupiny závislých osôb. Základné atribúty analýzy transferového oceňovania služieb. 
610 2 0 |a osoby závislé 
610 2 0 |a skupiny formálne 
610 2 0 |a služby 
610 2 0 |a oceňovanie transferové 
100 1 |a Kočiš, Michal